00223nam a2200097Ia 4500008004100000041000800041100001500049245002600064260002700090300000800117230724s1999 xx und d aeng aGHOSE D.N. aA BOOK OF HOME PLANS. bC.B.S PUBLISHERSc1999 a229